<?xml version="1.0" encoding="UTF-8"?>
<record
    xmlns:xsi="http://www.w3.org/2001/XMLSchema-instance"
    xsi:schemaLocation="http://www.loc.gov/MARC21/slim http://www.loc.gov/standards/marcxml/schema/MARC21slim.xsd"
    xmlns="http://www.loc.gov/MARC21/slim">

  <leader>02050    a2200253   4500</leader>
  <controlfield tag="001">33762</controlfield>
  <controlfield tag="005">20260407155628.0</controlfield>
  <controlfield tag="008">260407a2013    arg                 spa d</controlfield>
  <controlfield tag="003">AR-UNSa-BCEJYS</controlfield>
  <datafield tag="040" ind1=" " ind2=" ">
    <subfield code="a">AR-UNSa-BCEJYS</subfield>
    <subfield code="b">spa</subfield>
    <subfield code="c">AR-UNSa-BCEJYS</subfield>
  </datafield>
  <datafield tag="080" ind1=" " ind2=" ">
    <subfield code="a">316.346.32-053.6</subfield>
    <subfield code="x">Sociolog&#xED;a de la juventud</subfield>
  </datafield>
  <datafield tag="245" ind1="1" ind2="0">
    <subfield code="a">Sobre la educaci&#xF3;n en un mundo l&#xED;quido</subfield>
    <subfield code="p">conversaciones con Riccardo Mazzeo</subfield>
  </datafield>
  <datafield tag="020" ind1=" " ind2=" ">
    <subfield code="a">978-950-12-5435-8</subfield>
  </datafield>
  <datafield tag="250" ind1=" " ind2=" ">
    <subfield code="a">1a ed., 1a. reimp.</subfield>
  </datafield>
  <datafield tag="264" ind1=" " ind2="1">
    <subfield code="a">Buenos Aires :</subfield>
    <subfield code="b">Paid&#xF3;s</subfield>
    <subfield code="c">2013</subfield>
  </datafield>
  <datafield tag="300" ind1=" " ind2=" ">
    <subfield code="a">151 p.</subfield>
    <subfield code="c">23 cm.</subfield>
  </datafield>
  <datafield tag="505" ind1=" " ind2=" ">
    <subfield code="a">1. Entre la mixofilia y la mixofobia &#x2013; 2. Jos&#xE9; Saramago : maneras de ser feliz &#x2013; 3. Gregory Bateson y su tercer nivel de educaci&#xF3;n &#x2013; 4. De la cerraz&#xF3;n mental a la &lt;&lt; revoluci&#xF3;n permanente &gt;&gt; &#x2013; 5. Robles y bellotas absurdamente diminutas &#x2013; 6. En busca de una genuina &lt;&lt; revoluci&#xF3;n cultural &gt;&gt; &#x2013; 7. La depravaci&#xF3;n es la estrategia m&#xE1;s inteligente para el desposeimiento &#x2013; 8. A&#xF1;os para construir, minutos para destruir &#x2013; 9. Los j&#xF3;venes, una propina para la industria del consumo &#x2013; 10. El esfuerzo de mejorar la comprensi&#xF3;n mutua es una fuente prol&#xED;fica para la creatividad humana &#x2013; 11. A los desempleados siempre les queda jugar a la loter&#xED;a, &#xBF;no es cierto? &#x2013; 12. Discapacidades, anomal&#xED;as&#x2026; Las minor&#xED;as como un problema pol&#xED;tico &#x2013; 13. La indignaci&#xF3;n y las agrupaciones pol&#xED;ticas que funcionan como enjambres &#x2013; 14. Consumidores imperfectos y zonas minadas que no tienen fin &#x2013; 15. Richard Sennett habla de la diferencia &#x2013; 16. Del &lt;&lt;capitalista&gt;&gt; de Lacan al &lt;&lt;consumidor&gt;&gt; de Bauman &#x2013; 17. Zizek y Morin, sobre el monote&#xED;smo &#x2013; 18. La petite Madeleine de Proust y el consumismo &#x2013; 19. Sobre combustibles, chispas y fuegos &#x2013; 20. Sobre la mayor&#xED;a de edad de la globalizaci&#xF3;n. </subfield>
  </datafield>
  <datafield tag="041" ind1=" " ind2=" ">
    <subfield code="a">spa</subfield>
  </datafield>
  <datafield tag="942" ind1=" " ind2=" ">
    <subfield code="c">BK</subfield>
  </datafield>
  <datafield tag="590" ind1=" " ind2=" ">
    <subfield code="a">niveau_biblio:m niveau_hierar:0</subfield>
  </datafield>
  <datafield tag="100" ind1="1" ind2=" ">
    <subfield code="a">Pay&#xE1;s Puigarnau, Dolores</subfield>
  </datafield>
  <datafield tag="700" ind1="1" ind2=" ">
    <subfield code="a">Bauman, Zygmunt</subfield>
  </datafield>
  <datafield tag="856" ind1="4" ind2="1">
    <subfield code="u">https://biblioeco.unsa.edu.ar/pmb/images/libros/sobre_la_edu.jpg</subfield>
    <subfield code="y">Imagen de portada</subfield>
    <subfield code="q">image/jpeg</subfield>
  </datafield>
  <datafield tag="999" ind1=" " ind2=" ">
    <subfield code="c">2390</subfield>
    <subfield code="d">2390</subfield>
  </datafield>
  <datafield tag="952" ind1=" " ind2=" ">
    <subfield code="0">0</subfield>
    <subfield code="1">0</subfield>
    <subfield code="4">0</subfield>
    <subfield code="7">0</subfield>
    <subfield code="a">BCEJYS</subfield>
    <subfield code="b">BCEJYS</subfield>
    <subfield code="c">16</subfield>
    <subfield code="d">2026-04-07</subfield>
    <subfield code="l">0</subfield>
    <subfield code="o">P316.346.32-053.6 B347</subfield>
    <subfield code="p">L125372</subfield>
    <subfield code="r">2026-04-07 15:56:28</subfield>
    <subfield code="w">2026-04-07</subfield>
    <subfield code="y">L</subfield>
  </datafield>
  <datafield tag="952" ind1=" " ind2=" ">
    <subfield code="0">0</subfield>
    <subfield code="1">0</subfield>
    <subfield code="4">0</subfield>
    <subfield code="7">0</subfield>
    <subfield code="a">BCEJYS</subfield>
    <subfield code="b">BCEJYS</subfield>
    <subfield code="c">16</subfield>
    <subfield code="d">2026-04-07</subfield>
    <subfield code="l">0</subfield>
    <subfield code="o">P316.346.32-053.6 B347</subfield>
    <subfield code="p">L125373</subfield>
    <subfield code="r">2026-04-07 15:56:28</subfield>
    <subfield code="w">2026-04-07</subfield>
    <subfield code="y">L</subfield>
  </datafield>
</record>
